| 000 | 00856nac a22002291u 4500 | ||
|---|---|---|---|
| 010 | _a 2002070214 | ||
| 020 | _a0321083555 | ||
| 082 | 0 | 0 |
_a808.042 _bR156 |
| 090 |
_c2033 _d2033 |
||
| 100 | _aRainey, Megan. | ||
| 245 | 1 | 0 |
_aExpressions : _bwriting, reading, and critical thinking / _cMegan C. Rainey. |
| 260 |
_aNew York : _bLongman,2003. _c2003. |
||
| 300 |
_axxxii, 464 p. : _bill. ; _c24 cm. |
||
| 504 | _aIncludes bibliographical references (p. 457) and indexes. | ||
| 650 | 0 |
_aEnglish language _xRhetoric. |
|
| 650 | 0 |
_aEnglish language _xGrammar. |
|
| 650 | 0 | _aCritical thinking. | |
| 650 | 0 | _aCollege readers. | |
| 650 | 0 | _aReport writing. | |
| 942 |
_cBB _k808.042R156 |
||
| 999 |
_c2033 _d2033 |
||